000 00860cam a2200277 4500
008 090401t1994 xxu||||| |||| 00| 0 eng d
020 _a0117529699
035 _a(Sirsi) u74571
041 _aeng
050 _a306.1
100 _aBarlow, James
245 _aPlanning for affordable housing.
260 _aLondon
_bHMSO
_c1994
300 _ax,70p. ; 30cm.
350 _a15
520 _aResearch, commissioned by the DoE, to assess the response to the DoE/WO advice to local planning authorities on securing affordable housing through the planning system.
650 _aAffordable housing
_96215
650 _aLOCAL AUTHORITIES
650 _aPLANNING CONTROL
690 _aHOUSING
700 _aCocks, Ray
700 _aParker, Michael
710 _aUnited Kingdom
_bDepartment of the Environment
_9982
942 _n0
948 _c04/03/1997
999 _c95888
_d95888